مكتبة جامعة عجلون الوطنية

فهرس بحث المكتبة

Normal view MARC view
  • السيوطي، جلال الدين عبد الرحمن بن أبي بكر ؛ شرح وتعليق: أبو عبد الرحمن صلاح بن محمد بن عويضة

Entry Personal Name

Number of records used in: 1

001 - CONTROL NUMBER

  • control field: 56447

003 - CONTROL NUMBER IDENTIFIER

  • control field: JO-AjAnu

005 - DATE AND TIME OF LATEST TRANSACTION

  • control field: 20230606083242.0

008 - FIXED-LENGTH DATA ELEMENTS

  • fixed length control field: 230606|| aca||aabn | a|a d

040 ## - CATALOGING SOURCE

  • Original cataloging agency: JO-AjAnu
  • Transcribing agency: JO-AjAnu

100 ## - HEADING--PERSONAL NAME

  • Personal name: السيوطي، جلال الدين عبد الرحمن بن أبي بكر ؛ شرح وتعليق: أبو عبد الرحمن صلاح بن محمد بن عويضة

670 ## - SOURCE DATA FOUND

  • Source citation: Work cat.: (JO-AjAnu)28804: السيوطي، جلال الدين عبد الرحمن بن أبي بكر ؛ شرح وتعليق: أبو عبد الرحمن صلاح بن محمد بن عويضة, author, تدريب الراوي في شرح تقريب النواوي، ج1